Mort subite : Musiques de SCH - Statistiques

Statistiques générales
  • Ce quiz a été pris 726 fois
  • Le résultat moyen est 11 sur 20
Answers on the Grid
Answers color-coded by a green-red scale on the quiz's grid according to % correct below.
Skydweller
Allo maman
Cent ans
Deux mille
A9
Loup noir
Rêve la nuit
Magot
Otto
Ciel noir
Lila Dallas
83K
King
Everest
Murcielago
Dans la tête
Stigmates
Derrière le miroir
Multirécidiviste
Quartiers nord
Marseille je t'aime
Cannelloni
Les hommes aux yeux noirs
Je la connais
Fade Up
Fusil
Comme Hier
Dernière ligne droite
En partant
Interlude
 
Statistiques - réponses
Réponse % Correct
Je la connais
76%
Otto
76%
Fusil
72%
Fade Up
71%
Allo maman
69%
Loup noir
66%
Skydweller
65%
Stigmates
64%
Cannelloni
63%
Interlude
63%
Deux mille
60%
Les hommes aux yeux noirs
58%
Quartiers nord
53%
Multirécidiviste
47%
Murcielago
47%
Magot
46%
Dernière ligne droite
45%
Dans la tête
34%
83K
31%
King
27%
Aucun quiz correspondant
Distribution des résultats
% des personnes avec chaque résultat
Percentile par nombre de réponses
Votre historique - résultats
Vous n’avez pas pris ce quiz